Central Library OPAC University of Rajshahi

Indische Plastik / (Record no. 76681)

MARC details
000 -LEADER
fixed length control field 01045nam a2200325 a 4500
001 - CONTROL NUMBER
control field 76681
003 - CONTROL NUMBER IDENTIFIER
rucl marc code BD-RjUL
005 - DATE AND TIME OF LATEST TRANSACTION
control field 20211209082855.0
008 - FIXED-LENGTH DATA ELEMENTS--GENERAL INFORMATION
fixed length control field 200102s1921 gw af b 000 0 ger
035 ## - SYSTEM CONTROL NUMBER
System control number (BD-RjUL)76905
System control number (OCoLC)4204089
040 ## - CATALOGING SOURCE
Original cataloging agency DLC
Transcribing agency KyLoU
Modifying agency DLC
-- BD-RjUL
Language of cataloging eng
041 ## - LANGUAGE CODE
Language code of text/sound track or separate title eng
042 ## - AUTHENTICATION CODE
Authentication code premarc
043 ## - GEOGRAPHIC AREA CODE
Geographic area code a-io---
082 ## - DEWEY DECIMAL CLASSIFICATION NUMBER
Edition number 23
Classification number 732.4
Author mark and year COI 1921
100 1# - MAIN ENTRY--PERSONAL NAME
Personal name Cohn, William,
Dates associated with a name 1880-1961.
9 (RLIN) 237314
245 10 - TITLE STATEMENT
Title Indische Plastik /
Statement of responsibility, etc. von William Cohn; mit 161 Tafeln und drei Textabbildungen.
260 ## - PUBLICATION, DISTRIBUTION, ETC. (IMPRINT)
Place of publication, distribution, etc. Berlin :
Name of publisher, distributor, etc. B. Cassirer,
Date of publication, distribution, etc. 1921.
300 ## - PHYSICAL DESCRIPTION
Pagination vii, 87, [1] p.:
Illustrations illus.;
Size 26 cm.
490 0# - SERIES STATEMENT
Series statement Die Kunst des Ostens,
Volume/sequential designation Bd. 2
500 ## - GENERAL NOTE
General note Most of the plates are printed on both sides.
General note Eleven half-titles, dividing the plates into periods, not included in paging.
504 ## - BIBLIOGRAPHY, ETC. NOTE
Bibliography, etc "Literatur": p. 87.
650 #0 - SUBJECT ADDED ENTRY--TOPICAL TERM
Topical term or geographic name as entry element Sculpture
Geographic subdivision East Indies.
9 (RLIN) 237315
651 #0 - SUBJECT ADDED ENTRY--GEOGRAPHIC NAME
Geographic name East Indies
General subdivision Antiquities.
9 (RLIN) 237316
942 ## - ADDED ENTRY ELEMENTS (KOHA)
Source of classification or shelving scheme Dewey Decimal Classification
Koha item type Books
Holdings
Lost status Source of classification or shelving scheme Damaged status Not for loan Collection code Permanent Location Current Location Shelving location Date acquired Total Checkouts Full call number Date last seen Copy number Koha item type
  Dewey Decimal Classification   Not For Loan Non-fiction Central Library, University of Rajshahi Central Library, University of Rajshahi Reading Room 02/01/2020   732.4 COI 1921 02/01/2020 C-1 Books